000 00452nam a2200157Ia 4500
003 GCL
008 140319s9999 xx 000 0 eng d
040 _aGCL /
_cGCL
082 0 4 _a428
_bO R
100 1 _aOXFORD UNIVERSITY PRESS
245 1 0 _aREADING AND THINKING IN ENGLISH, CONCEPTS IN USE /
_cOXFORD UNIVERSITY PRESS
260 _a[S.N] :
_bOXFORD UNIVERSITY PRESS ،
_c1980
650 0 4 _aTEACHING
650 0 4 _aENGLISH LANGUAGE
942 _2ddc
_cBK
999 _c22626
_d22626